Chemical reactor design in practice /
Guardado en:
| Autor Principal: | |
|---|---|
| Formato: | Libro |
| Idioma: | English |
| Publicado: |
Amsterdam : New York :
Elsevier Scientific Pub. Co. ; Distributors for the U.S. and Canada, Elsevier/North-Holland,
1981.
|
| Series: | Chemical engineering monographs ;
v. 13 |
| Materias: | |
| Etiquetas: |
Agregar Etiqueta
Sin Etiquetas, Sea el primero en etiquetar este registro!
|
| LEADER | 01003pam a22002535a 4500 | ||
|---|---|---|---|
| 001 | EIQ.libpla002099 | ||
| 008 | 810804s1981####ne#a#####b####001#0#eng#d | ||
| 005 | 20070417195015.0 | ||
| 245 | 1 | 0 | |a Chemical reactor design in practice / |c L.M. Rose. |
| 260 | |a Amsterdam : |b Elsevier Scientific Pub. Co. ; |a New York : |b Distributors for the U.S. and Canada, Elsevier/North-Holland, |c 1981. | ||
| 300 | |a xxii, 378 p. : |b il. ; |c 25 cm. | ||
| 440 | 0 | |a Chemical engineering monographs ; |v v. 13 | |
| 504 | |a Incluye referencias bibliográficas e índice. | ||
| 020 | |a 0444420185 (Elsevier/North-Holland) | ||
| 100 | 1 | |a Rose, L. M., |d 1935- | |
| 082 | 0 | 0 | |a 660.2/83 |2 19 |
| 650 | 4 | |a Reactores químicos |x Diseño. | |
| 650 | 4 | |a Reactores químicos |x Construcción. | |
| 650 | 4 | |a Chemical reactors |x Design and construction. | |
| 650 | 4 | |a Chemical reactors |x Design. | |
| 650 | 4 | |a Chemical reactors |x Construction. | |
| 010 | |a 81012576 | ||
| 040 | |a DLC |c DLC |d AR-BbSID | ||
| 859 | |a AR-BbSID |b BIB. PLAPIQUI |h 660.283 |i R 72 |p 2665 | ||
